Sermones del P.D. Nicolas Gallo Presbítero de la Congregación Del Salvador del Mundo de Madrid, que da a luz (Record no. 8159)

MARC details
000 -CABECERA
campo de control de longitud fija 01651nam a2200277 a 4500
001 - NÚMERO DE CONTROL
campo de control BRCA_8492
003 - IDENTIFICADOR DEL NÚMERO DE CONTROL
campo de control FranzMayer
005 - FECHA Y HORA DE LA ÚLTIMA TRANSACCIÓN
campo de control 20230724103140.0
008 - DATOS DE LONGITUD FIJA--INFORMACIÓN GENERAL
campo de control de longitud fija 070616s1778----sp-#######---#000-0#spa-#
040 ## - FUENTE DE LA CATALOGACIÓN
Centro catalogador/agencia de origen MFM
Lengua de catalogación ESP
Centro/agencia transcriptor MFM
041 ## - CÓDIGO DE LENGUA
Código de lengua del texto/banda sonora o título independiente spa
044 ## - CÓDIGO DEL PAÍS DE LA ENTIDAD EDITORA/PRODUCTORA
Código MARC del país sp
084 ## - OTRO NÚMERO DE CLASIFICACIÓN
Número de clasificación BE7
Número de documento/Ítem .C67 1778
100 1# - ENTRADA PRINCIPAL--NOMBRE DE PERSONA
Nombre de persona Cortines, Francisco Ignacio
9 (RLIN) 21110
245 10 - MENCIÓN DE TÍTULO
Título Sermones del P.D. Nicolas Gallo Presbítero de la Congregación Del Salvador del Mundo de Madrid, que da a luz
Mención de responsabilidad, etc. Francisco Ignacio Cortines.
260 ## - PUBLICACIÓN, DISTRIBUCIÓN, ETC.
Lugar de publicación, distribución, etc. Madrid
Nombre del editor, distribuidor, etc. En la Oficina de D. Manuel Martin
Fecha de publicación, distribución, etc. 1778
300 ## - DESCRIPCIÓN FÍSICA
Extensión [12], xx, xviii, 370 p. (t.2)
Dimensiones 21 x 15 cm.
500 ## - NOTA GENERAL
Nota general Estado físico : lomo desprendido, algunas hojas con manchas en la parte inferior, primera hoja casi desprendida
500 ## - NOTA GENERAL
Nota general Con marca de fuego : ´Procedencia de la marca: Convento de San Francisco de Querétaro(1). Institución: Orden de Frailes Menores. Provincia de San Pedro y San Pablo de Michoacán. Descripción: Monograma: Letras iniciales S[an] F[rancisco] D[e] Q[uerétar]o. Observaciones: David Saavedra la asigna a la Academia de Dibujo de San Fernando de Querétaro; Carlos Krausse al Colegio de Propaganda Fide de San Fernando de México. Ubicación de la marca en el libro: Canto superior, inferior y lateral´
500 ## - NOTA GENERAL
Nota general Ver también BE147 (tomo 3, 1778)
600 14 - PUNTO DE ACCESO ADICIONAL DE MATERIA--NOMBRE DE PERSONA
Nombre de persona Gallo, Nicolas
Títulos y otros términos asociados al nombre Presbítero de la Congregación Del Salvador del Mundo de Madrid
9 (RLIN) 21111
650 14 - PUNTO DE ACCESO ADICIONAL DE MATERIA--TÉRMINO DE MATERIA
Término de materia o nombre geográfico como elemento de entrada Teología pastoral
Subdivisión cronológica Siglo XVIII
9 (RLIN) 21112
856 ## - LOCALIZACIÓN Y ACCESO ELECTRÓNICOS
Nombre del host http://www.marcasdefuego.buap.mx:8180/xmLibris/projects/firebrand/item.jsp?repository=marcas_de_fuego&key=6faee58a.xml&num=15
902 ## - CATALOGADOR
Iniciales CFM
942 ## - ELEMENTOS DE PUNTO DE ACCESO ADICIONAL (KOHA)
Fuente del sistema de clasificación o colocación Library of Congress Classification
Tipo de ítem Koha Libros
Holdings
Estado de retiro Estado de pérdida Fuente del sistema de clasificación o colocación Estado dañado No para préstamo Código de colección Localización permanente Ubicación/localización actual Fecha de adquisición Fuente de adquisición Total de préstamos Signatura topográfica completa Código de barras Fecha visto por última vez Precio válido a partir de Tipo de ítem Koha
El ejemplar forma parte de la colección y puede ser consultado según las políticas vigentes.   Library of Congress Classification     Conventual Franz Mayer Biblioteca del Museo Franz Mayer (Rogerio Casas-Alatriste) Biblioteca del Museo Franz Mayer (Rogerio Casas-Alatriste) 29/04/2016 Donación   BE7 .C67 1778 9163 22/03/2019 22/03/2019 Libros
El ejemplar forma parte de la colección y puede ser consultado según las políticas vigentes.   Library of Congress Classification     Conventual Franz Mayer Biblioteca del Museo Franz Mayer (Rogerio Casas-Alatriste) Biblioteca del Museo Franz Mayer (Rogerio Casas-Alatriste) 14/08/2017 Donación   BE7 .C67 1778 CFM00007 22/03/2019 22/03/2019 Libros